00869 a2200205 45000010006000000050017000060080041000230030015000640400040000790800022001192450037001412640054001783000018002325050227002509420007004775900036004841000022005209990015005429520106005575797020260407155839.0260407a1986 arg spa dAR-UNSa-BCEJYS aAR-UNSa-BCEJYSbspacAR-UNSa-BCEJYS a321.7xDemocracia10aDescentralización y democracia 1aBuenos Aires :bFundación Friedrich Ebertc1986 a31 p.c21 cm. a1. ¿Qué entendemos por concentración y centralización? – 2. ¿Por qué descentralización en Argentina? – 3. Participación como complemento necesario de la descentralización – 4. Consideraciones finales  cBK aniveau_biblio:m niveau_hierar:01 aRofman, Alejandro c6353d6353 00104070aBCEJYSbBCEJYSc16d2026-04-07l0o321.7 R628pL53001r2026-04-07 15:58:39w2026-04-07yL